| 000 | 00373nam a22001451a 4500 | ||
|---|---|---|---|
| 999 |
_c148941 _d148941 |
||
| 082 |
_aM1 _bKES/M |
||
| 100 | _aKesavan Kalamandalam | ||
| 245 |
_aMelam/ _cby Kesavan Kalamandalam. |
||
| 260 |
_aKottayam: _bBenjamin Bailey Research Centre, _c1993. |
||
| 300 | _a88p. | ||
| 650 | _aPoetry Malayalam | ||
| 650 | _aLiterature Malayalam | ||
| 650 | _aLiterature | ||
| 942 | _cBK | ||